Statistics for Top 50 Artistas - Rafa

Click here to take the quiz!

General Stats

  • This quiz has been taken 8 times
  • The average score is 12 of 50

Answer Stats

HintAnswer% Correct
1Taylor Swift
100%
4Ariana Grande
80%
5Beyoncé
80%
18Rihanna
80%
42Katy Perry
60%
12Lana Del Rey
60%
31Bad Bunny
40%
15Billie Eilish
40%
2Camila Cabello
40%
32Jão
40%
26Justin Bieber
40%
13Lady Gaga
40%
3Luisa Sonza
40%
9Nicki Minaj
40%
8Pabllo Vittar
40%
29Selena Gomez
40%
24The Weeknd
40%
33ABBA
20%
22Anitta
20%
11Demi Lovato
20%
38Doja Cat
20%
14Dua Lipa
20%
19Fifth Harmony
20%
39Iggy Azalea
20%
48Ivete Sangalo
20%
40Jennifer Lopez
20%
45Kali Uchis
20%
10Little Mix
20%
28Madonna
20%
6Miley Cyrus
20%
7RBD
20%
16Rosalía
20%
20Shawn Mendes
20%
30Troye Sivan
20%
23Ashley Tisdale
0%
49Banda Eva
0%
17Britney Spears
0%
36Coldplay
0%
25David Guetta
0%
46J Balvin
0%
50Kesha
0%
44Kylie Minogue
0%
37Lizzo
0%
41Melim
0%
47Meryl Streep
0%
43Pitbull
0%
34Pussycat Dolls
0%
35Rita Lee
0%
21Sam Smith
0%
27Shakira
0%

Score Distribution

Percentile by Number Answered

Percent of People with Each Score

Your Score History

You have not taken this quiz